Proyecto de inversión en un rancho agrícola y ganadero ubicado en el municipio de Zapotlán del Rey, Jalisco /
Zapisane w:
| 1. autor: | |
|---|---|
| Format: | Praca dyplomowa Książka |
| Język: | hiszpański |
| Hasła przedmiotowe: | |
| Etykiety: |
Nie ma etykietki, Dołącz pierwszą etykiete!
|
MARC
| LEADER | 00000nam^a2200000^a^4500 | ||
|---|---|---|---|
| 001 | 000178942 | ||
| 005 | 20250521000000.0 | ||
| 009 | 20260310101806.624 | ||
| 037 | |a Acervo ITESO - Biblioteca | ||
| 041 | |a ESP | ||
| 090 | |a LAE. 561 | ||
| 100 | |a Partida Aceves, Guillermo |e (autor) | ||
| 245 | 1 | 0 | |a Proyecto de inversión en un rancho agrícola y ganadero ubicado en el municipio de Zapotlán del Rey, Jalisco / |c G. Partida Aceves. |
| 264 | |a Guadalajara, México : |b edición de autor, |c 1993 | ||
| 300 | |a 104 p. | ||
| 336 | |a texto |b txt |2 rdacontenido | ||
| 337 | |a sin mediación |b n |2 rdamedio | ||
| 338 | |a volumen |b nc |2 rdasoporte | ||
| 502 | |a ITESO Tesis de Licenciatura en Administración de Empresas | ||
| 649 | |a XX | ||
| 650 | |a Granjas y Ranchos - |z Zapotlán del Rey, Jalisco | ||
| 650 | |a Granjas y Ranchos - |z Jalisco | ||
| 650 | |a Granjas y Ranchos - |z México | ||
| 650 | |a Industria Agropecuaria - |z Zapotlán del Rey, Jalisco | ||
| 650 | |a Industria Agropecuaria - |z Jalisco | ||
| 650 | |a Industria Agropecuaria - |z México | ||
| 650 | |a Inversiones | ||
| 650 | |a Factibilidad Funcional | ||
| 650 | |a Formación de Empresas | ||
| 650 | |a Administración Financiera | ||
| 650 | |a Oferta y Demanda | ||
| 650 | |a Investigación de Mercado | ||
| 650 | |a Mercadotecnia | ||
| 650 | |a Ciencias Administrativas | ||
| 910 | |a Fondo General | ||
| 920 | |a Impresos - Tesis del ITESO | ||
| 930 | |a Colección General | ||
| 905 | |a 104 | ||
| 901 | |a 0500118154 |b IT2 |c TSS |u 20250521 | ||
| 902 | |a https://opac.biblio.iteso.mx/vufind/Record/000178942 | ||